书目信息 |
| 题名: |
俄译汉教程 上
|
|
| 作者: | 蔡毅 编 | |
| 分册: | ||
| 出版信息: | 北京 外语教学与研究出版社 1989.06 |
|
| 页数: | 320页 | |
| 开本: | 32开 | |
| 丛书名: | ||
| 单 册: | ||
| 中图分类: | H355.9 | |
| 科图分类: | ||
| 主题词: | 俄语 | |
| 电子资源: | ||
| ISBN: | 7-5600-0181-5 | |
| 000 | 00542nam0 2200193 45 | |
| 001 | 0009121536 | |
| 005 | 20000912152855.7 | |
| 010 | @a7-5600-0181-5@d12.90元 | |
| 100 | @a20000912d1989 km y0chiy0120 ea | |
| 101 | 0 | @achi |
| 105 | @a z 000yy | |
| 200 | 1 | @a俄译汉教程 上@AE Yi Han Jiao Cheng Shang@f蔡毅等编@FCai Yi Deng Bian |
| 210 | @a北京@c外语教学与研究出版社@d1989.06 | |
| 215 | @a320页@d32开 | |
| 606 | 0 | @a俄语 |
| 690 | @aH355.9@v3 | |
| 701 | 0 | @a蔡毅@4编 |
| 801 | @aCN@bPftUser@c20000912 | |
| 905 | @b137588-592@dH355.9@eC.335:1@f5 | |
| 俄译汉教程 上/蔡毅等编.-北京:外语教学与研究出版社,1989.06 |
| 320页;32开 |
| ISBN 7-5600-0181-5:12.90元 |
| ● |
| 相关链接 |
|
|
|
正题名:俄译汉教程上
索取号:H355.9/C.335:1
 
预约/预借
| 序号 | 登录号 | 条形码 | 馆藏地/架位号 | 状态 | 备注 |
| 1 | 137588 | 201375886 | 语言库209/209语言库 122排1列5层/ [索取号:H355.9/C.335:1] | 在馆 | |
| 2 | 137589 | 201375895 | 语言库209/209语言库 122排1列5层/ [索取号:H355.9/C.335:1] | 在馆 | |
| 3 | 137590 | 201375902 | 社科二线400B/209语言库 122排1列5层/ [索取号:H355.9/C.335:1] | 在馆 | |
| 4 | 137591 | 201375911 | 语言库209/209语言库 122排1列5层/ [索取号:H355.9/C.335:1] | 在馆 | |
| 5 | 137592 | 201375920 | 语言库209/209语言库 122排1列5层/ [索取号:H355.9/C.335:1] | 在馆 |